Anatomy & physiology : (Record no. 837)

MARC details
000 -LEADER
fixed length control field 01063cam a22003138a 4500
005 - DATE AND TIME OF LATEST TRANSACTION
control field 20260322212036.0
008 - FIXED-LENGTH DATA ELEMENTS--GENERAL INFORMATION
fixed length control field data
010 ## - LIBRARY OF CONGRESS CONTROL NUMBER
LC control number 2010042586
020 ## - INTERNATIONAL STANDARD BOOK NUMBER
International Standard Book Number 9780073378251 (hard copy : alk. paper)
020 ## - INTERNATIONAL STANDARD BOOK NUMBER
International Standard Book Number 0073378259 (hard copy : alk. paper)
040 ## - CATALOGING SOURCE
Original cataloging agency DLC
Transcribing agency DLC
050 00 - LIBRARY OF CONGRESS CALL NUMBER
Classification number QP34.5
Item number .S23 2012
082 00 - DEWEY DECIMAL CLASSIFICATION NUMBER
Classification number 612
Edition information 22
001 - CONTROL NUMBER
control field data
100 1# - MAIN ENTRY--PERSONAL NAME
Personal name Saladin, Kenneth S.
245 10 - TITLE STATEMENT
Title Anatomy & physiology :
Remainder of title the unity of form and function /
Statement of responsibility, etc. Kenneth S. Saladin.
246 30 - VARYING FORM OF TITLE
Title proper/short title Anatomy and physiology
250 ## - EDITION STATEMENT
Edition statement 6th ed.
260 ## - PUBLICATION, DISTRIBUTION, ETC.
Place of publication, distribution, etc. New York, NY :
Name of publisher, distributor, etc. McGraw-Hill,
Date of publication, distribution, etc. c2012.
263 ## - PROJECTED PUBLICATION DATE
Projected publication date 1101
300 ## - PHYSICAL DESCRIPTION
Extent p. cm.
500 ## - GENERAL NOTE
General note Includes index.
650 #0 - SUBJECT ADDED ENTRY--TOPICAL TERM
Topical term or geographic name entry element Human physiology.
650 #0 - SUBJECT ADDED ENTRY--TOPICAL TERM
Topical term or geographic name entry element Human anatomy.
906 ## - LOCAL DATA ELEMENT F, LDF (RLIN)
a 7
b cbc
c orignew
d 1
e ecip
f 20
g y-gencatlg
925 0# -
-- acquire
-- 2 shelf copies
-- policy default
955 ## - COPY-LEVEL INFORMATION (RLIN)
-- rd13 2010-10-14
963 ## -
-- Karen L. Storlie; phone: 563-584-6755; fax: 563-584-6700; email: [email protected]; bc: [email protected]
Holdings
Withdrawn status Lost status Damaged status Not for loan Home library Current library Shelving location Date acquired Total checkouts Full call number Barcode Date last seen Price effective from Koha item type
        Riverside Riverside General stacks 22/03/2026   612 22 BC0010862 22/03/2026 22/03/2026 Books